| 000 | 00879nam a2200265Ia 4500 | ||
|---|---|---|---|
| 003 | OSt | ||
| 005 | 20221005031447.0 | ||
| 006 | a|||||r|||| 00| 0 | ||
| 007 | ta | ||
| 008 | 221004b |||||||| |||| 00| 0 eng d | ||
| 020 |
_a9781849800679 _c5948.25 |
||
| 024 | _a110140 | ||
| 037 |
_b206/2011-12, 02/11/2011, Classic Book Service _cTextual |
||
| 040 |
_aCRL _cCRL _beng |
||
| 041 |
_2eng _aeng |
||
| 082 | _aW:5, Q1 | ||
| 100 |
_aBlitz Brad K. Ed. _9583725 |
||
| 245 | 0 |
_aStatelessness an citizenshipn _b Comparative study on the benefits of nationality |
|
| 260 |
_aCheltenham _bEdward Elgar UK _c2011 |
||
| 300 |
_axiii,258p. _ccm. |
||
| 650 | _aPOLITICAL SCIENCE | ||
| 700 |
_a Lynch Maureen Ed. _9583726 |
||
| 942 |
_hW:5, Q1 _cTEXL _2cc |
||
| 999 |
_c937777 _d937777 |
||